| 000 | 00607 a2200169 4500 | ||
|---|---|---|---|
| 020 | _a1860942075 | ||
| 020 | _a9781860942075 | ||
| 082 | 0 | 4 | _a808.0666 |
| 090 |
_c428 _d428 |
||
| 100 | 1 | _aHoltom, Daniel. | |
| 245 | 1 | 0 |
_aEnjoy writing your science thesis or dissertation / _cDaniel Holtom, Elizabeth Fisher. |
| 260 |
_a[S.l.] : _bWorld Scientific Publishing Company, _c1999. |
||
| 300 |
_a296 p. ; _c22 cm. |
||
| 700 | 1 | _aFisher, Elizabeth. | |
| 942 |
_aSNS _cBK _k808.0666 HOL |
||
| 999 |
_c29060 _d29060 |
||